|
|
|
|
| LEADER |
00982naa a2200265 i 4500 |
| 001 |
publ31932 |
| 005 |
20250313084618.0 |
| 008 |
250313s1996 hu o 000 eng d |
| 020 |
|
|
|a 3928057758
|
| 024 |
7 |
|
|a 1576622
|2 mtmt
|
| 040 |
|
|
|a SZTE Publicatio Repozitórium
|b hun
|
| 041 |
|
|
|a eng
|
| 100 |
1 |
|
|a Lázár György
|
| 245 |
1 |
0 |
|a Effect of Kupffer cell phagocytosis blockade on endotoxin sensitivity, tissue localization of endotoxin and TNF production
|h [elektronikus dokumentum] /
|c Lázár György
|
| 260 |
|
|
|a Pabst
|b Lengerich
|c 1996
|
| 300 |
|
|
|a 6
|
| 300 |
|
|
|a 980-985
|
| 490 |
0 |
|
|a The Immune Consequences of Trauma, Shock, and Sepsis: Mechanism and Therapeutic Approaches
|
| 650 |
|
4 |
|a Klinikai orvostan
|
| 700 |
0 |
1 |
|a Lázár György ifj
|e aut
|
| 700 |
0 |
1 |
|a Duda Ernő
|e aut
|
| 700 |
0 |
1 |
|a Kiss I.
|e aut
|
| 700 |
0 |
1 |
|a Oláh Judit Magdolna
|e aut
|
| 700 |
0 |
1 |
|a Husztik E.
|e aut
|
| 856 |
4 |
0 |
|u http://publicatio.bibl.u-szeged.hu/31932/3/aok_klny_708_96%282%29.pdf
|z Dokumentum-elérés
|